La crisis en las familias, infancia y juventud en el siglo XXI

Detalles Bibliográficos
Autor principal: Nieto Morales, Concepcin̤
Formato: eBook
Lenguaje:español
Publicado: Madrid: Dykinson, 2015
Materias:
Acceso en línea:Acceso restringido

MARC

LEADER 00000nam a22000007a 4500
005 20150813220110.0
007 cr|||| ||||
008 150813s2015 es |||||s|||| 00||0 spa d
020 |a 978-84-9085-347-4 
035 |a 12808 
040 |a vLex 
090 |c 5544  |d 5544 
100 1 |a Nieto Morales, Concepcin̤ 
245 1 3 |a La crisis en las familias, infancia y juventud en el siglo XXI  |h [Recurso electrn̤ico] /  |c Concepcin̤ Nieto Morales 
256 |a Servicio en ln̕ea 
260 |a Madrid:  |b Dykinson,  |c 2015 
300 |a 1 recurso electrn̤ico 
506 1 |a Disponible solo en los productos indicados  |d vLex Global  |d vLex Global (Academic Edition, excluding Law Schools)  |d vLex Global (U.S. Academic Edition, Law Schools)  |d vLex Global (U.S. Academic Edition, excluding Law Schools)  |d vLex Global (Academic Edition, Law Schools) 
650 0 4 |a Derecho Civil  |z Espaą 
740 0 |a vLex Libros (Servicio en ln̕ea) 
856 4 0 |u http://vlex.com/source/crisis-familias-infancia-juventud-siglo-xxi-12808  |z Acceso restringido 
942 |c BOOK 
999 0 |a Civil Law